LEADER 01456nam2 22003373i 450 001 UBO0196679 005 20251003044418.0 020 $aIT$b6810351 100 $a20120213d1968 ||||0itac50 ba 101 | $aita 102 $ait 181 1$6z01$ai $bxxxe 182 1$6z01$an 183 1$6z01$anc$2RDAcarrier 200 1 $aˆ10: Le ‰statistiche finanziarie$fMario de Vergottini 210 $aTorino$cUnione Tipografico-Editrice Torinese$dstampa 1968 215 $aXXIII, 764 p.$cill.$d25 cm. 461 1$1001UBO0196538$12001 $aTrattato di scienza delle finanze$fdiretto da Ernesto d'Albergo$v10 500 10$aˆLe ‰statistiche finanziarie.$3MSE0074661$9CFIV042070$91063338 676 $a330.015195$9ECONOMIA. Principi di matematica statistica$v21 686 $aIT/X430.7$cFONTI STATISTICHE ITALIA$2R 686 $aIT/X435.0$cFINANZA CREDITO MONETA ITALIA$2R 686 $aX03.7$cSTATISTICHE$2R 700 1$aDe Vergottini$b, Mario$3CFIV042070$4070$0101941 801 3$aIT$bIT-000000$c20120213 850 $aIT-BN0095 $aIT-SA0045 $aIT-NA0070 912 $aUBO0196679 950 2$aBiblioteca Centralizzata di Ateneo$cv. 2; 9, tomo 3.1-3.2; 10$d 01POZZO LIB.F. PARRAVICINI 667$e 0101 0600172315E VMA (0010 v. 10 (Precedente collocazione P. 1374)$fB $h20050930$i20231124 977 $a 01$a BM$a BU 996 $aStatistiche finanziarie$91063338 997 $aUNISANNIO